Puchar Świata - klasyfikacja generalna za sezon 2016/17 - Statystyki

Ogólne statystyki
  • Ten quiz został rozwiązany 136 razy
  • Średni wynik to 50 z 73
Statystyki odpowiedzi
Miejsce Skoczek Pkt % Poprawnych
2. Kamil Stoch 1524
99%
1. Stefan Kraft 1665
99%
5. Maciej Kot 985
96%
11. Piotr Żyła 634
94%
19. Dawid Kubacki 345
93%
6. Domen Prevc 963
92%
9. Peter Prevc 716
92%
40. Cene Prevc 67
91%
54. Junshiro Kobayashi 20
90%
32. Stefan Hula 110
88%
3. Daniel-Andre Tande 1201
86%
4. Andreas Wellinger 1161
85%
18. Karl Geiger 369
85%
22. Severin Freund 308
84%
27. Johann Andre Forfang 197
83%
15. Noriaki Kasai 401
83%
13. Richard Freitag 507
82%
Aleksander Zniszczoł 9
81%
24. Daiki Ito 294
81%
8. Markus Eisenbichler 807
81%
7. Michael Hayboeck 814
81%
33. Anze Lanisek 98
80%
14. Robert Johansson 424
80%
10. Manuel Fettner 703
79%
29. Simon Ammann 147
77%
25. Roman Koudelka 223
76%
12. Andreas Stjernen 591
75%
34. Gregor Schlierenzauer 94
75%
Halvor Egner Granerud 50
75%
20. Jurij Tepes 326
75%
Klemens Murańka 4
75%
28. Jernej Damjan 149
73%
30. Taku Takeuchi 130
72%
Kevin Bickner 50
71%
26. Anders Fannemel 213
70%
21. Stephan Leyhe 309
70%
17. Evgeniy Klimov 382
69%
64. Gregor Deschwanden 8
69%
23. Andreas Kofler 307
68%
31. Jan Ziobro 122
68%
71. Daniel Huber 1
66%
58. Stefan Huber 15
66%
45. Anze Semenic 41
65%
53. Alex Insam 22
64%
16. Vincent Descombes-Sevoie 386
61%
42. Clemens Aigner 50
60%
Dimitriy Vassiliev 15
60%
49. Lukas Hlava 26
60%
35. Andreas Wank 90
59%
50. Janne Ahonen 24
59%
41, Mackenzie Boyd-Clowes 52
59%
39. Denis Kornilov 77
58%
38. Jakub Janda 80
58%
46. Sebastian Colloredo 33
58%
47. Viktor Polasek 31
58%
60. Davide Bresadola 14
57%
Tomas Vancura 31
54%
37. Markus Schiffner 81
52%
Bor Pavlovcic 3
51%
36. Vojtech Stursa 88
51%
Ville Larinto 16
50%
61. David Siegel 12
46%
Gabriel Karlen 1
45%
67. Michael Glasder 3
45%
Yuken Iwasa 1
45%
56. Tom Hilde 16
44%
Jarkko Maatta 24
43%
62. Kento Sakuyama 9
43%
65. Florian Altenburger 4
39%
55. Alexey Romashov 17
38%
Elias Tollinger 2
38%
69. Kaarel Nurmsalu 2
36%
52. Joakim Aune 23
29%
Nie znaleziono quizów pasujących do podanych kryteriów
Rozkład punktacji
Procent ludzi z każdym wynikiem
Percentyl według liczby udzielonych odpowiedzi
Twoja historia wyników
Nie rozwiązałeś tego quizu